| 000 | 00507nam a22001697a 4500 | ||
|---|---|---|---|
| 999 |
_c18254 _d18254 |
||
| 003 | AR-CdUCM | ||
| 008 | 190513b ||||| |||| 00| 0 spa d | ||
| 040 |
_aMUNICIPALIDAD PROVINCIAL DEL CUSCO _cBIBLIOTECA MUNICIPAL DEL CUSCO |
||
| 082 |
_a987.041 / _bB68 |
||
| 245 | _aSimón Bolivar / | ||
| 260 |
_bSecretaria de educación publica, _c1944. |
||
| 300 |
_a93 paginas ; _c20 cm. |
||
| 505 | _aContenido :Simón Bolivar / | ||
| 650 |
_aBiografía _922 |
||
| 942 |
_2ddc _cLIBROS |
||
| 945 |
_arjall _d2019-05-13 |
||